[Event "Penang op 8th"]
[Site "Penang"]
[Date "2016.12.09"]
[Round "8"]
[White "Omar, Noorullah"]
[Black "Sharma, Dinesh Kumar"]
[Result "0-1"]
[WhiteElo "2021"]
[BlackElo "2288"]
[PlyCount "86"]
[EventDate "2016.12.05"]
[EventType "swiss"]
[EventRounds "9"]
[EventCountry "MAS"]
[SourceTitle "CBM 176 Extra"]
[Source "ChessBase"]
[SourceDate "2017.03.02"]
[SourceVersion "1"]
[SourceVersionDate "2017.03.02"]
[SourceQuality "1"]

1. d4 d5 2. Bf4 Nf6 3. e3 c5 4. c3 Nc6 5. Nf3 Qb6 6. Qc2 g6 7. dxc5 Qxc5 8. Bd3 Bg7 9. Ne5 Nh5 10. Nxc6 Nxf4 11. exf4 bxc6 12. Nd2 Rb8 13. 0-0 0-0 14. Rab1 e6 15. Nf3 Qb6 16. Qe2 Qc7 17. g3 c5 18. Rbc1 c4 19. Bb1 Rb6 20. Rfe1 Bd7 21. Rc2 Rfb8 22. Ne5 Ba4 23. Rd2 Qb7 24. Qe3 Be8 25. Ree2 Qc7 26. g4 g5 27. fxg5 Qxe5 28. Qxe5 Bxe5 29. Rxe5 Rxb2 30. Rxb2 Rxb2 31. Re1 Ba4 32. Rc1 Rd2 33. Kf1 Kg7 34. Ke1 Rb2 35. Kf1 e5 36. Kg2 Rd2 37. Kf3 Bd1+ 38. Kg3 Be2 39. Re1 d4 40. cxd4 exd4 41. Kf4 d3 42. Ke3 Rb2 43. Kd4 d2 0-1

[Event "Penang op 8th"]
[Site "Penang"]
[Date "2016.12.06"]
[Round "2"]
[White "Omar, Noorullah"]
[Black "Chua, Xue Kai Alfred"]
[Result "0-1"]
[WhiteElo "2021"]
[BlackElo "1615"]
[PlyCount "67"]
[EventDate "2016.12.05"]
[EventType "swiss"]
[EventRounds "9"]
[EventCountry "MAS"]
[SourceTitle "CBM 176 Extra"]
[Source "ChessBase"]
[SourceDate "2017.03.02"]
[SourceVersion "1"]
[SourceVersionDate "2017.03.02"]
[SourceQuality "1"]

1. e4 c5 2. c3 d5 3. exd5 Qxd5 4. d4 Nc6 5. Nf3 Bg4 6. Be2 e6 7. Be3 Rd8 8. 0-0 Nf6 9. Nbd2 Be7 10. dxc5 Bxc5 11. Bxc5 Qxc5 12. Qb3 Rxd2 13. Nxd2 Bxe2 14. Rfe1 Ba6 15. Rad1 0-0 16. Qa4 Bb5 17. Qh4 Ne7 18. Nb3 Qb6 19. Nd4 Ng6 20. Qg5 Bc6 21. b3 Nd5 22. Qg3 Ndf4 23. Nxc6 Qxc6 24. Rd2 Nh4 25. f3 Nfxg2 26. Rxg2 Nxg2 27. Qxg2 Qxc3 28. Rd1 Qe3+ 29. Kh1 Rc8 30. Qh3 h6 31. Rg1 g6 32. Rd1 Rc5 33. Qf1 Rc2 34. Rd3 0-1